| 000 -ლიდერი |
| ფიქსირებული სიგრძის საკონტროლო ველი |
00988nam a22001937a 4500 |
| 003 - საკონტროლო ნომრის იდენტიფიკატორი |
| საკონტროლო ველი |
Ge_BSU |
| 005 - ბოლო ოპერაციის თარიღი და დრო |
| საკონტროლო ველი |
20221130140042.0 |
| 008 - ფიქსირებული სიგრძის მონაცემთა ელემენტები - ზოგადი ინფორმაცია |
| ფიქსირებული სიგრძის საკონტროლო ველი |
221130s1984ge xxu||||| |||| 00| 0 geo d |
| 041 ## - ენის კოდი |
| Language code of text/sound track or separate title |
geo |
| 080 ## - უნივერსალური ათობითი კლასიფიკაციის ინდექსი |
| Universal Decimal Classification number |
821(479.22)(092) ჟ-99 |
| 100 ## - მთავარი ჩანაწერი - პიროვნების სახელი |
| Personal name |
ჟღენტი,ბესო |
| 9 (RLIN) |
16254 |
| 245 ## - ცნობა სათაურის შესახებ |
| Title |
თანამედროვეთა მოგონებებში : |
| Remainder of title |
[კრებული] / |
| Statement of responsibility, etc |
ბესო ჟღენტი, შემდგ. ე. გუგუშვილი. |
| 264 ## - წარმოების, გამოცემის, დისტრიბუციის და სხვა ცნობები |
| გამოცემის, წარმოების, დისტრიბუციის... ადგილი |
თბილისი: |
| გამოცემის, წარმოების, დისტრიბუციის... სახელწოდება |
ხელოვნება, |
| გამოცემის, წარმოების, დისტრიბუციის... თარიღი |
1984. |
| 300 ## - ფიზიკური აღწერა |
| Extent |
365 გვ. : |
| Other physical details |
24 ფ. ილ. |
| Dimensions |
22 სმ. |
| 500 ## - ზოგადი შენიშვნა |
| General note |
ზოგადი მოგონება და ლექსი რუს. კომენტარები: გვ. 356-359. |
| 653 ## - INDEX TERM--UNCONTROLLED |
| Uncontrolled term |
თანამედროვეთა მოგონებებში : [კრებული] |
| 700 ## - ADDED ENTRY--PERSONAL NAME |
| Personal name |
გუგუშვილი, ე |
| Relator term |
შემდგენელი |
| 9 (RLIN) |
16255 |
| 942 ## - ADDED ENTRY ELEMENTS (KOHA) |
| Source of classification or shelving scheme |
|
| Koha item type |
წიგნი |